000 01115cam a2200349 i 4500
001 391946
003 SISC
005 20160301154648.0
008 810512s1979 njua j 000 1 eng
010 _a 79015628
020 _a0-13-299081-4
040 _aDLC
_cDLC
_dDLC
041 1 _aengger
042 _alcac
050 1 0 _aPZ 7
_b.Ec1975 1971
082 0 0 _aHS 808.3
_bEc5 1983
100 1 _aEcke, Wolfgang,
_d1927-
_914554
240 1 0 _aGesicht an der Scheibe.
_lEnglish
245 1 4 _aThe face at the window /
_cby Wolfgang Ecke.
250 _a1st American ed.
260 _aEnglewood Cliffs, N.J. :
_bPrentice-Hall,
_c1979.
300 _a128 p. :
_bill. ;
_c22 cm.
650 0 _aDetective and mystery stories, German
_xTranslations into English.
_914555
650 0 _aChildren's stories, German
_xTranslations into English.
_914556
650 0 _aLiterary recreations.
_96692
650 1 _aMystery and detective stories.
_93790
650 1 _aShort stories.
_92265
650 1 _aLiterary recreations.
_96692
906 _a7
_bcbc
_corignew
_d1
_eocip
_f19
_gy-gencatlg
942 _2lcc
_cBK
999 _c9661
_d9661